Celebs Who Love the Cubs Quiz Stats

 Plays Quiz Updated Oct 28, 2016

Challenge
Share
Tweet
Score 0/20 Timer 05:00
0 Plays Today
Column Famous Person % Correct
Column 1Ronald Reagan
92.8%
Column 2Bill Murray
92.5%
Column 4Hillary Clinton
90.5%
Column 3Will Ferrell
80.1%
Column 3Vince Vaughn
75.1%
Column 2Macaulay Culkin
67.5%
Column 5Jim Belushi
67.4%
Column 5John Cusack
63.2%
Column 3Denise Richards
53.2%
Column 3Jack White
47.6%
Column Famous Person % Correct
Column 1Gary Sinise
44.9%
Column 5Erik Estrada
43.2%
Column 1Hope Solo
42.1%
Column 4Danica Patrick
42%
Column 4Eddie Vedder
30.9%
Column 4Bonnie Hunt
19.3%
Column 1Rod Blagojevich
17.9%
Column 2Jeff Garlin
17.9%
Column 2Tom Morello
13.3%
Column 5Jake Johnson
13%

You're not logged in!

Compare scores with friends on all Sporcle quizzes.
Join for Free
OR
Log In

You Might Also Like...

Show Comments

Extras

Top Quizzes Today


Score Distribution

Your Account Isn't Verified!

In order to create a playlist on Sporcle, you need to verify the email address you used during registration. Go to your Sporcle Settings to finish the process.

Report this User

Report this user for behavior that violates our Community Guidelines.

Details: